SENARAI simbol perpustakaan di Malaysia .

Bibliographic Details
Format: Book
Published: Kuala Lumpur : Perpustakaan Negara Malaysia , 1998
Subjects:

MARC

LEADER 00000cam a2200000 7i4500
001 0000003111
005 20040527.0
020 0 0 |a 9679310876 
090 0 0 |a 027.0025595   |b SEN 1998 
245 0 0 |a SENARAI simbol perpustakaan di Malaysia .   |l List of library symbols in Malaysia 
260 0 0 |a Kuala Lumpur :   |b Perpustakaan Negara Malaysia ,   |c 1998 
300 |a x, 68 p. ;   |c 30 cm. 
650 0 0 |a Libraries   |x Abbreviations   |z Malaysia 
650 0 0 |a Libraries   |x Directories   |z Malaysia 
998 |a JPSM 
999 |a 0000005578   |b Monograph   |c Open Shelf   |e Default branch